| 000 | 01482nam a2200301 i 4500 | ||
|---|---|---|---|
| 001 | 179099 | ||
| 003 | ES-MaACL | ||
| 005 | 20230914191042.0 | ||
| 008 | 110908s2008 sp aco |||| |bspa d | ||
| 020 | _a978-84-612-2252-0 | ||
| 080 | _a929 Ruiz-Borrego y Vilchez, José | ||
| 080 | _a308(460.356 M.)"18/19" | ||
| 080 | _a7.061.22(460.356 M.)(091) | ||
| 100 | 1 |
_aRuiz-Borrego Arrabal, Miguel. _9147864 |
|
| 245 | 1 | 3 |
_aLa vida y la obra de un malagueño ilustre: D. José Ruiz-Borrego y Vilchez _b: recuerdo de una gloriosa institución cultural malagueña: la Academia de Declamación / _cMiguel Ruiz-Borrego Arrabal. |
| 260 |
_a[Málaga] : _bJ.M. Parra de de Torres, _c[2008] ( _fArtigraf Málaga) |
||
| 300 |
_a444 p. : _bil. col. y n., fot. ; _c25 cm. |
||
| 500 | _aAnexos: Selección de artículos de prensa y programas (1868-1935). Prensa gráfica (1906-1927). Documentos (1872-1927). Epistolario (1869-1909) | ||
| 504 | _aBibliografía: p. 444. | ||
| 600 | 1 | 7 |
_aRuiz-Borrego y Vilchez, José. _9147865 |
| 610 | 2 | 7 |
_aAcademia de Declamación y Bellas Letras de Málaga- _vHistoria. _9147867 |
| 651 | 7 |
_aMálaga- _xSituación social- _vHistoria. _9167830 |
|
| 852 |
_aES-MaACL _9185971 _bR.145903 _jA-11489 _zDedicatoria autógrafa del autor _zDonacion: Miguel Ruiz-Borrego Arrabal _cDEPO1 _dOlim: N-4493 |
||
| 903 |
_9147864 _aRuiz-Borrego Arrabal, Miguel _ednr |
||
| 942 |
_2udc _cMONOGRAFIA |
||
| 999 |
_c179099 _d179099 |
||